| 000 | 01316 a2200253 4500 | ||
|---|---|---|---|
| 003 | NUST | ||
| 005 | 20221117124621.0 | ||
| 010 | _a 2003051005 | ||
| 020 | _a007242432X | ||
| 040 | _cNust | ||
| 082 | 0 | 0 | _a515,HOF |
| 100 | 1 |
_aHoffmann, Laurence D., _9102231 |
|
| 245 | 1 | 0 |
_aCalculus : _b for business, economics, and the social and life sciences/ _cLaurence D. Hoffmann, Gerald L. Bradley, with Kenneth H. Rosen. |
| 250 | _a8th ed. / | ||
| 260 |
_aBoston : _bMcGraw Hill Higher Education, _cc2004. |
||
| 300 |
_axxviii, 728 p. : _bill. (some col.) ; _c26 cm. |
||
| 505 | _aFunction, Graphs, and Limits (Page-1), Differentiation : Basic Concept (Page-96), additional Application of the Derivative (Page-184), Exponential and Logarithmic Function (Page-282), Integration (Page-356), Additional Topic in Integration (Page-450), Calculus of Several Variable (Page-526), Algebra Review (Page-612), Powers of e (Page-639), The Nature Logarithm (Base e ) (Page-640). | ||
| 650 | 0 | _aCalculus. | |
| 700 | 1 |
_aBradley, Gerald L., _d1940- _982492 |
|
| 700 | 1 |
_aRosen, Kenneth H. _917956 |
|
| 856 | 4 | 2 |
_3Publisher description _uhttp://www.loc.gov/catdir/enhancements/fy0702/2003051005-d.html |
| 856 | 4 | 2 |
_3Table of contents only _uhttp://www.loc.gov/catdir/enhancements/fy0702/2003051005-t.html |
| 942 |
_2ddc _cBK _k515,HOF |
||
| 999 |
_c180324 _d180324 |
||